[Event "ROM-ch U10"]
[Site "Calimanesti Caciulata"]
[Date "2019.04.21"]
[Round "8"]
[White "Baescu, Matei Ioan"]
[Black "Crisan, Darian Florin"]
[Result "1-0"]
[WhiteElo "1061"]
[BlackElo "1077"]
[PlyCount "95"]
[EventDate "2019.04.15"]
[EventType "swiss"]
[EventRounds "9"]
[EventCountry "ROU"]
[SourceTitle "CBM 190 Extra"]
[Source "ChessBase"]
[SourceDate "2019.07.15"]
[SourceVersion "1"]
[SourceVersionDate "2019.07.15"]
[SourceQuality "1"]

1. e4 d5 2. exd5 Qxd5 3. Nc3 Qa5 4. Bc4 Nf6 5. d3 Bf5 6. Bf4 e5 7. Qe2 Nbd7 8. Nf3 e4 9. dxe4 Nxe4 10. Ng5 Bb4 11. Ngxe4 0-0-0 12. 0-0 Rhe8 13. f3 Nf6 14. Bg5 Bxc3 15. bxc3 Bxe4 16. fxe4 Rxe4 17. Qf3 Qc5+ 18. Be3 Rxe3 19. Qf5+ Nd7 20. Qxc5 Nxc5 21. Rxf7 Rxc3 22. Bb3 Nxb3 23. cxb3 Rd7 24. Rf8+ Rd8 25. Rf7 Rcd3 26. Rxg7 Rd1+ 27. Rxd1 Rxd1+ 28. Kf2 Rd2+ 29. Ke3 Rxa2 30. Rxh7 Ra3 31. g4 Rxb3+ 32. Kf4 a5 33. g5 Kd8 34. g6 Ke8 35. h4 Kf8 36. h5 Kg8 37. h6 Rb6 38. Ke5 a4 39. Re7 Rb5+ 40. Kf6 Rb6+ 41. Re6 Rxe6+ 42. Kxe6 a3 43. h7+ Kg7 44. h8Q+ Kxh8 45. Kf7 a2 46. g7+ Kh7 47. g8Q+ Kh6 48. Qg6# 1-0

[Event "ROM-ch U10"]
[Site "Calimanesti Caciulata"]
[Date "2019.04.19"]
[Round "6"]
[White "Baescu, Matei Ioan"]
[Black "Axente, Ioan Lucian"]
[Result "0-1"]
[WhiteElo "1061"]
[BlackElo "1032"]
[PlyCount "46"]
[EventDate "2019.04.15"]
[EventType "swiss"]
[EventRounds "9"]
[EventCountry "ROU"]
[SourceTitle "CBM 190 Extra"]
[Source "ChessBase"]
[SourceDate "2019.07.15"]
[SourceVersion "1"]
[SourceVersionDate "2019.07.15"]
[SourceQuality "1"]

1. e4 c5 2. Nc3 e6 3. Nf3 a6 4. h3 Nc6 5. a3 g6 6. d4 d6 7. dxc5 dxc5 8. Qxd8+ Nxd8 9. Be3 b6 10. Be2 Bg7 11. Na4 Rb8 12. e5 Nc6 13. Bf4 Nge7 14. c3 Nd5 15. g3 Bd7 16. Bxa6 Na5 17. b4 Nb3 18. Rb1 Bxa4 19. b5 Nxc3 20. Rxb3 Bxb3 21. Kd2 Na4 22. Rb1 Rd8+ 23. Kc1 Rd1# 0-1

[Event "ROM-ch U10"]
[Site "Calimanesti Caciulata"]
[Date "2019.04.17"]
[Round "4"]
[White "Baescu, Matei Ioan"]
[Black "Kumar, Amrit Darius"]
[Result "0-1"]
[WhiteElo "1061"]
[BlackElo "1049"]
[PlyCount "64"]
[EventDate "2019.04.15"]
[EventType "swiss"]
[EventRounds "9"]
[EventCountry "ROU"]
[SourceTitle "CBM 190 Extra"]
[Source "ChessBase"]
[SourceDate "2019.07.15"]
[SourceVersion "1"]
[SourceVersionDate "2019.07.15"]
[SourceQuality "1"]

1. e4 d5 2. exd5 Qxd5 3. Nc3 Qa5 4. Bc4 Nf6 5. d3 Bf5 6. Nf3 e6 7. a3 c6 8. b4 Bxb4 9. Bb2 Bxc3+ 10. Bxc3 Qxc3+ 11. Nd2 Qe5+ 12. Kf1 Ng4 13. Kg1 Qd4 14. Qe1 Nd7 15. Nf3 Qf6 16. h3 Nge5 17. Nxe5 Qxe5 18. Qxe5 Nxe5 19. g4 Bg6 20. Kg2 Nxc4 21. dxc4 Bxc2 22. Rhc1 Be4+ 23. f3 Bg6 24. a4 0-0-0 25. Ra2 Rd7 26. a5 Rhd8 27. Kg3 Rd2 28. Rxd2 Rxd2 29. c5 Ra2 30. h4 f6 31. h5 Bd3 32. Re1 Bc4 0-1